LEADER 01237nam a2200301 i 4500 001 000000148791 003 CaOOAMICUS 005 20251008125839.0 008 060315s1997 it u000 u ita u 020 $a88-16-40113-3 040 $aSeMil$bita 100 1 $aBéroul,$d.$0(OLS)http://semarc/name/58830 240 13$aLe roman de Tristan.$0(OLS)http://semarc/title/217489 245 13$aIl romanzo di Tristano /$cBéroul. 264 1$aMilano :$bJaca Book,$c1997. 300 $a92 p. ;$c23 cm. 490 1 $aBiblioteca di cultura medievale 490 1 $aDi fronte e attraverso ;$v113 650 4$aLetteratura - Ciclo Bretone.$0(OLS)http://semarc/subject/10292 830 0$aBiblioteca di cultura medievale .$0(OLS)http://semarc/title/530 830 0$aDi fronte e attraverso ;$v113.$0(OLS)http://semarc/title/6486 850 $aSeMil 852 $aSeMil$W1$xVenegono$y1$m1W V 102$j263017$B101147$CSeMilBibl$Z2$F109958 $81 961 $aOmaggio: Altro 996 $6020$a88-16-40113-3$9(OLS)http://semarc/number/137765 996 $6245$aIl romanzo di Tristano$9(OLS)http://semarc/title/217488 996 $6264$aMilano :$bJaca Book$9(OLS)http://semarc/publisher/29781 LEADER 01303nam a2200313 i 4500 001 000000041659 003 CaOOAMICUS 005 20250610110414.0 008 080624s1993 it u000 u ita u 013 $a12829 020 $a8822061462 040 $aSeMil$bita 100 1 $aQuarta, Cosimo.$0(OLS)http://semarc/name/18355 245 12$aL'utopia platonica :$bil progetto politico di un grande filosofo /$cCosimo Quarta. 250 $aNuova ed. 260 $aBari :$bDedalo,$c1993. 300 $a297 p. ;$c21 cm. 490 0 $aNuova biblioteca Dedalo ;$v146 650 4$aFilosofia antica - Studi.$0(OLS)http://semarc/subject/706 650 4$aUtopia.$0(OLS)http://semarc/subject/2259 650 4$aPlatone - Filosofia politica.$0(OLS)http://semarc/subject/8860 830 0$aNuova biblioteca Dedalo ;$v146.$0(OLS)http://semarc/title/12612 850 $aSeMil 852 $aSeMil$W1$xVenegono$y1$m2P I 551$j7814$B7814$CSeMilBibl$Z2$F7814 $81 961 $aOmaggio: Scuola Cattolica 996 $6020$a8822061462$9(OLS)http://semarc/number/12564 996 $6245$aL'utopia platonica :$bil progetto politico di un grande filosofo$9(OLS)http://semarc/title/60412 996 $6260$aBari :$bDedalo$9(OLS)http://semarc/publisher/30763